Flamengo: Times históricos (2019) - Statistics

Estatísticas Gerais
  • Esse quiz foi jogado 621 vezes
    502 desde o último reset
  • A pontuação média é 25 de 34
Estatísticas das Respostas
Imagem Resposta % Correto
Filipe Luís
99%
Gerson
99%
Arrascaeta
98%
Bruno Henrique
98%
Diego Alves
98%
Everton Ribeiro
98%
Gabriel Barbosa
98%
Jorge Jesus
98%
Rodrigo Caio
98%
Rafinha
96%
Willian Arão
96%
Diego Ribas
95%
Pablo Marí
93%
Rodinei
89%
Gustavo Cuéllar
85%
Pará
82%
Vitinho
80%
Reinier
76%
Renê
76%
César
72%
Lincoln
72%
Berrío
66%
Miguel Trauco
65%
Rhodolfo
64%
Leo Duarte
59%
Fernando Uribe
57%
Robert Piris da Motta
57%
Matheus Thuler
56%
Hugo Moura
49%
Vinicius Souza
45%
Vitor Gabriel
35%
João Lucas
29%
Ronaldo
26%
Lucas Silva
25%
Nenhum quiz correspondente encontrado
Distribuição das Pontuações
Porcentagem de Pessoas com Cada Pontuação
Percentil de Números Respondidos
Sua Pontuação Histórica
Você não jogou esse quiz desde o último reset